000 00514cam a22001934a 4500
005 20250605164153.0
008 250528s ||||||||||||||||||||||||d
035 _a19473
020 _a9607623169
040 _aGR-AtMCL
_bgre
_dGR-AtMCL
_eAACR2
245 1 _aΕΙΣΑΓΩΓΗ ΣΤΗΝ ΙΣΤΟΡΙΑ ΤΗΣ ΤΕΧΝΗΣ
250 _a1
260 _bΓερμανος,
_c1999
300 _a198
700 1 _aΑρβανιτιδης Χρηστος
_95723
942 _cBK
999 _c4729
_d4729